B/R's Top 100 NBA Players of All Time (2025) - Statistics

General Stats
  • This quiz has been taken 102 times
  • The average score is 60 of 100
Answer Stats
Rank Debut - Retired Player % Correct
2. 2003 - LeBron James
98%
1. 1984 - 2003 Michael Jordan
98%
10. 2009 - Stephen Curry
98%
13. 2007 - Kevin Durant
95%
11. 1996 - 2016 Kobe Bryant
93%
3. 1969 - 1989 Kareem Abdul-Jabbar
92%
4. 1979 - 1996 Magic Johnson
92%
17. 2015 - Nikola Jokić
90%
5. 1956 - 1969 Bill Russell
88%
8. 1979 - 1992 Larry Bird
87%
57. 2018 - Luka Doncic
87%
6. 1992 - 2011 Shaquille O'Neal
87%
7. 1997 - 2016 Tim Duncan
87%
15. 1960 - 1974 Jerry West
85%
9. 1959 - 1973 Wilt Chamberlain
85%
30. 2005 - Chris Paul
83%
34. 2009 - James Harden
83%
18. 1999 - 2019 Dirk Nowitzki
82%
24. 2013 - Giannis Antetokounmpo
82%
23. 2003 - 2018 Dwyane Wade
80%
32. 2011 - Kawhi Leonard
78%
69. 2011 - Kyrie Irving
78%
12. 1984 - 2002 Hakeem Olajuwon
77%
16. 1995 - 2015 Kevin Garnett
77%
14. 1960 - 1974 Oscar Robertson
77%
48. 2008 - Russell Westbrook
77%
20. 1971 - 1987 Julius Erving
75%
28. 1987 - 2004 Scottie Pippen
75%
35. 1996 - 2014 Steve Nash
75%
45. 2012 - Anthony Davis
73%
71. 2003 - 2016 Chris Bosh
73%
29. 1984 - 2003 John Stockton
73%
25. 1984 - 2000 Charles Barkley
72%
19. 1989 - 2003 David Robinson
72%
22. 1985 - 2004 Karl Malone
72%
21. 1974 - 1995 Moses Malone
72%
27. 1981 - 1994 Isiah Thomas
70%
86. 2001 - 2019 Tony Parker
70%
67. 1986 - 2000 Dennis Rodman
68%
93. 2017 - Jayson Tatum
68%
66. 2016 - Joel Embiid
68%
98. 2011 - Klay Thompson
68%
40. 1985 - 2002 Patrick Ewing
68%
65. 1998 - 2020 Vince Carter
68%
36. 1996 - 2010 Allen iverson
67%
37. 1950 - 1970 Bob Cousy
67%
52. 2004 - 2022 Dwight Howard
67%
33. 1994 - 2013 Jason Kidd
67%
60. 2004 - 2022 Carmelo Anthony
63%
62. 2001 - 2019 Pau Gasol
63%
49. 1998 - 2017 Paul Pierce
63%
51. 1996 - 2014 Ray Allen
63%
59. 1997 - 2013 Tracy McGrady
63%
26. 1958 - 1972 Elgin Baylor
62%
75. 2002 -2018 Manu Ginóbili
62%
78. 2010 - Paul George
62%
54. 1987 - 2005 Reggie Miller
62%
64. 2012 - Damian Lillard
60%
31. 1962 - 1978 John Havlicek
58%
88. 2012 - Draymond Green
57%
63. 1982 - 1994 James Worthy
57%
38. 1954 - 1965 Bob Pettit
55%
44. 1948 - 1956 George Mikan
55%
46. 1980 - 1993 Kevin McHale
55%
39. 1983 - 1998 Clyde Drexler
53%
55. 1974 - 1987 Bill Walton
52%
68. 1976 - 1997 Robert Parish
52%
70. 1968 -1981 Wes Unseld
50%
50. 1982 - 1999 Dominique Wilkins
48%
53. 1990 - 2007 Gary Payton
48%
92. 1960 - 1974 Lenny Wilkens
48%
87. 1992 - 2007 Alonzo Mourning
47%
85. 1957 - 1969 Sam Jones
45%
81. 1991 - 2009 Dikembe Mutombo
43%
58. 1964 - 1974 Willis Reed
43%
83. 2012 - Jimmy Butler
42%
61. 1972 - 1986 Bob McAdoo
40%
41. 1965 - 1980 Rick Barry
40%
43. 1967 - 1980 Walt Frazier
40%
74. 1970 -1983 Dave Cowens
38%
76. 1976 -1991 Alex English
37%
91. 1997 - 2014 Chauncey Billups
37%
90. 1993 - 2008 Chris Webber
37%
47. 1968 - 1984 Elvin Hayes
37%
42. 1972 - 1986 George Gervin
37%
56. 1949 - 1963 Dolph Schayes
35%
77. 1970 - 1980 Pete Maravich
35%
96. 1985 - 1999 Joe Dumars
33%
72. 1950 -1962 Paul Arizin
30%
100. 1971 - 1988 Artis Gilmore
28%
79. 1994 -2013 Grant Hill
28%
73. 1958 -1973 Hal Greer
28%
97. 1977 - 1993 Bernard King
27%
80. 1970 - 1984 Nate "Tiny" Archibald
27%
84. 1976 - 1991 Adrian Dantley
23%
89. 1967 - 1980 Earl Monroe
23%
95. 1962 - 1974 Dave DeBusschere
22%
82. 1970 - 1984 Bob Lanier
20%
99. 1966 - 1978 Dave Bing
20%
94. 1950 - 1961 Bill Sharman
8%
No matching quizzes found
Score Distribution
Percent of People with Each Score
Percentile by Number Answered
Your Score History
You have not taken this quiz